000 00948pam a22002774a 4500
020 _a078797143X
040 _cDLC
082 0 0 _a658 JOS 2004 A042 Or.
100 1 _aHeffernan, Margaret,
245 1 4 _aThe naked truth :
_ba working woman's manifesto on business and what really matters /
246 3 0 _aWorking woman's manifesto on business and what really matters
250 _a1st ed.
260 _aSan Francisco, CA :
_bJossey-Bass,
_cc2004.
300 _axvi, 262 p. ;
_c24 cm.
650 0 _aWomen executives
650 0 _aBusinesswomen
650 0 _aWomen employees
650 0 _aAchievement motivation in women.
650 0 _aSuccess
650 0 _aAbility.
650 0 _aSuccess in business.
856 4 2 _uhttp://www.loc.gov/catdir/description/wiley042/2004007900.html
856 4 2 _uhttp://www.loc.gov/catdir/bios/wiley047/2004007900.html
856 4 1 _uhttp://www.loc.gov/catdir/toc/ecip0416/2004007900.html
942 _cEK
999 _c12854
_d12854